[Event "Olympiad-42"]
[Site "Baku"]
[Date "2016.09.10"]
[Round "8.1"]
[White "Vallejo Pons, Francisco"]
[Black "Sadorra, Julio Catalino"]
[Result "1-0"]
[WhiteElo "2716"]
[BlackElo "2560"]
[Annotator "Sadorra,J"]
[PlyCount "97"]
[EventDate "2016.09.02"]
[EventType "team-swiss"]
[EventRounds "11"]
[EventCountry "AZE"]
[SourceTitle "CBM 175"]
[Source "ChessBase"]
[SourceDate "2016.11.10"]
[SourceVersion "1"]
[SourceVersionDate "2016.11.10"]
[SourceQuality "1"]
[WhiteTeam "Spain"]
[BlackTeam "Philippines"]
[WhiteTeamCountry "ESP"]
[BlackTeamCountry "PHI"]

1. e4 e6 2. d4 d5 3. Nd2 {A surprise. I was expecting 3.Nc3 more as Paco has
had more experience with it, so I was ready for a complex fight in the
Classical or McCutcheon Variation.} Be7 {As usual, I stick with this flexible
move which I know best.} 4. c3 c5 5. dxc5 Bxc5 {Going for a structure that can
also arise from the Colle System which I've studied a lot in the past.} ({
Also playable is} 5... Nf6 {but I didn't like the idea of allowing White to
hold on to the pawn with Nb3 and a later Be3.}) 6. Bd3 Nc6 $6 (6... Nf6 {
was more accurate as it forces Qe2} 7. Ngf3 $5 (7. Qe2 Nc6 8. Ngf3 Qc7 $1 {
leads to my game 4 years ago against Paragua.} 9. O-O O-O 10. e5 Nd7 $5 11. Nb3
Bb6 12. Re1 f6 13. exf6 Nxf6 14. Nbd4 e5 $1 15. Nxe5 Nxd4 (15... Nxe5 $2 16.
Qxe5 Re8 17. Qxe8+ Nxe8 18. Rxe8+ Kf7 19. Rh8 $16) 16. cxd4 Bxd4 17. Bf4 Qb6
18. Rab1 {1-0 (28) Paragua,M (2508)-Sadorra,J (2525) Boracay Island 2012, and
here the easiest way to equalise is} Ne4 $1 19. Bxe4 dxe4 20. Be3 Bxe3 21. Qxe3
Be6 $11 (21... Qxe3 22. Rxe3 Be6 $11)) 7... dxe4 8. Nxe4 Nxe4 9. Qa4+ Bd7 10.
Qxe4 Bc6 11. Qe2 Nd7 {1/2-1/2 (31) Svidler,P (2765)-Shipov,S (2576) Moscow 2006
}) 7. Ngf3 Nf6 8. O-O O-O 9. e5 Nd7 10. Nb3 {Now I realise that White doesn't
have to spend a tempo on Qe2. But I thought that so long as the Greek gift
doesn't work for White my position should still be fine especially that the f6
break plan is still viable.} Bb6 11. Re1 (11. Bxh7+ Kxh7 12. Ng5+ Kg6 13. Qd3+
f5 14. Nxe6 Qe7 15. Nxf8+ Nxf8 $13 {and my 2 pieces aren't worse than his rook
and pawns in this complex middlegame.}) 11... f6 12. exf6 Nxf6 13. Nbd4 Qd6 ({
Somehow during the game, I was recalling the move Rf8-e8 from my previous
studies of such positions, but it looked so artificial to me that I critically
worked out on the board if something was wrong with the natural Qd6. In the
end I didn't trust my memory, and I was right that there's nothing wrong my
move!} 13... Re8 14. Bf4 $14) 14. Be3 {Paco was still playing his moves
relatively fast here but I didn't trust him and kept checking his ideas.} Ng4
$1 15. Bxh7+ Kh8 {"Chess is not checkers!" This pawn sac is the whole idea
behind ...Ng4.} 16. Bc2 e5 17. Nxc6 Nxe3 18. Rxe3 ({The fullness of my
compensation for the pawn is seen after} 18. fxe3 bxc6 {I have a strong bishop
pair and the centre for a mere pawn, plus I'm threatening Bg4 & Qh6 next!})
18... Bxe3 19. Ncxe5 Bxf2+ 20. Kh1 {Paco was still playing his moves fast
which shouldn't be much of a surprise as most of the moves are forcing so far,
but I felt that he may have missed that small tactic on f2.} Bf5 (20... Rf6 $2
21. Qe2 Bb6 22. Ng5 $18 {and suddenly I'm the one in trouble!}) 21. Bxf5 Rxf5
22. Qc2 Raf8 23. Qxf2 Qxe5 24. Nxe5 (24. Qh4+ $4 Kg8 25. Nxe5 Rf1+ 26. Rxf1
Rxf1#) 24... Rxf2 25. Ng6+ Kg8 26. Nxf8 Kxf8 27. Rb1 {The forcing moves are
over and it's time to take stock.} g5 $1 ({Initially, I was planning to
quickly bring my king to the centre} 27... Ke7 28. h4 Kd6 29. Kh2 Ke5 30. Kg3
Rd2 31. Kf3 {but didn't like it as White can make easy progress on the
kingside.}) ({I also considered paralysing the enemy queenside pawns with} 
27... a5 {but White simply pushes his kingside pawns} 28. h4 a4 $2 29. Kg1 Rd2
30. Rf1+ Ke7 31. Rf2 $18) 28. h3 Ke7 (28... Kg7 $2 29. Rd1 Rxb2 30. Rxd5 Rxa2
31. Rxg5+ {sure there's still work to be done, but White is practically
winning with his connected passed pawns.}) 29. Kh2 b5 30. Kg3 Rd2 31. Kf3 Kf6 {
All previous moves were forced and now Paco stops for a long think.} (31... a5
$2 32. Re1+ Kf6 33. Re2) 32. a3 a5 $6 ({Safest was the solid} 32... a6 $1 33.
g3 Kf5 34. Ke3 Rh2) (32... Kf5 {requires some accuracy} 33. g3 Rd3+ 34. Kf2
Rd2+ 35. Ke3 Rg2 (35... Rh2 36. Kd4 Rxh3 37. Kxd5 Rxg3 38. Kc5 Rh3 39. Kxb5 g4
40. c4 (40. Rg1 Rh7 $1 41. b4 Rg7 42. c4 g3 43. c5 Ke5 $1 44. Kc6 Rg6+ 45. Kb7
Rg7+ 46. Ka6 Kd5 $11) 40... Rb3+ $1 41. Ka6 Ke5 42. Kxa7 g3) 36. Kd4 Rxg3 37.
Kxd5 (37. Kc5 $2 Rxh3 38. Kxb5 g4 39. Ka6 Rh7) 37... Rxh3 38. Kc5 g4 39. Kxb5 {
and during the game it looked to me that White will win the pawn race, but
things are actually not so clear had I applied the simple principle of placing
a rook behind a passed pawn!} Rh7 $1 (39... g3 40. c4 (40. Rg1 Kf4 41. c4 Rh7
$1) 40... g2 41. Rg1 Rg3) 40. c4 g3 41. b4 (41. c5 g2 42. Rg1 Rb7+) 41... g2
42. Rg1 Rg7 43. c5 Ke5 $1 44. a4 (44. Ka6 Kd5) (44. Kc4 Rg4+ 45. Kb5 Rg7) 44...
Kd5 $11) 33. g3 (33. Ke3 $1 Rxg2 34. Kd4 Rg3 35. Kxd5 Rxh3 36. Kc5 $16) 33...
b4 $4 {Panic reaction.} (33... Kf5 34. Ke3 Rg2 $1 35. g4+ Ke5 36. Kf3 Rh2 37.
Kg3 Rd2 $11) 34. cxb4 ({If} 34. axb4 axb4 35. cxb4 {my idea was} Rd3+ 36. Kg4
Rb3 $1 37. Rf1+ (37. Kh5 Rxg3) 37... Kg6 {and after I pick up the one of the
b-pawns it'll be a dead draw.}) 34... axb4 35. a4 $1 {This is what I missed in
analysis before playing b5-b4.} Ke5 36. a5 Kd6 37. Kg4 {the passed pawns on
both sides of the board give Black insurmountable problems} Rd3 38. Rc1 $1 $18
(38. a6 Kc7 39. a7 Kb7 40. Ra1 Ka8 41. h4 $6 ({he had to find} 41. Rg1 $1 Rd2
42. Kxg5 Rxb2 43. h4 d4 44. h5 d3 45. h6 Rh2 46. Kg6 $18) 41... gxh4 42. gxh4
Rd2 {and my queenside passers give me counterplay and good drawing chances.})
38... Re3 39. a6 Re8 40. Kxg5 d4 {I have no choice but to push my pawns.
During the game, I was harbouring hopes of a draw with my rook attacking one
of the pawns on the 7th rank preventing the king from coming to either g7 or
b7, but alas there's that other passer on the g-file. Therefore, White is
simply winning here, as my queenside counterplay is too slow.} 41. h4 Kd5 42.
h5 d3 43. h6 Kd4 44. h7 d2 45. Rd1 Kd3 46. g4 Kc2 47. Rxd2+ Kxd2 48. Kf6 Ra8
49. a7 {...and I resigned as White's winning plan is straightforward:} (49. a7
Kc2 50. g5 (50. Kg7 $4 Rxa7+) 50... Kxb2 51. g6 b3 52. g7 $18) 1-0

[Event "Olympiad-29"]
[Site "Novi Sad"]
[Date "1990.11.19"]
[Round "3"]
[White "Speelman, Jonathan S"]
[Black "Skembris, Spyridon"]
[Result "1-0"]
[WhiteElo "2605"]
[BlackElo "2455"]
[Annotator "Speelman,J"]
[PlyCount "73"]
[EventDate "1990.11.17"]
[EventType "team-swiss"]
[EventRounds "14"]
[EventCountry "YUG"]
[SourceTitle "TD"]
[Source "ChessBase"]
[SourceDate "1994.03.01"]
[SourceVersion "1"]
[SourceVersionDate "1994.03.01"]
[SourceQuality "1"]
[WhiteTeam "England"]
[BlackTeam "Greece"]
[WhiteTeamCountry "ENG"]
[BlackTeamCountry "GRE"]

1. e4 e6 2. d4 d5 3. Nd2 Nf6 4. e5 Nfd7 5. c3 c5 6. f4 Nc6 7. Ndf3 f6 (7... Qb6
) 8. Bd3 $6 cxd4 9. cxd4 Bb4+ 10. Bd2 Qb6 11. a3 (11. Ne2 O-O 12. a3 fxe5 13.
fxe5 Ndxe5 $5 14. dxe5 Nxe5 15. Bxb4 Rxf3 16. gxf3 Nxf3+ 17. Kf1 e5 $13) 11...
Bxd2+ 12. Qxd2 O-O 13. Ne2 h6 14. b4 $5 a6 15. Rc1 (15. Rb1 $5 {P b5}) 15...
Rf7 16. Bg6 Rf8 17. Bb1 Rf7 (17... a5 $5 18. Qd3 axb4 $1 19. Qh7+ Kf7) 18. Qd3
Nf8 19. exf6 $5 Rxf6 20. g4 $5 Bd7 21. h4 Rf7 {P 22...e5!} 22. Rg1 $1 Be8 23.
h5 Rc8 24. g5 hxg5 25. Rxg5 Rf6 {P h6, <->h5} 26. Nh2 $1 Nxb4 {[#]} 27. Qd2 $1
(27. axb4 $2 Rxc1+ 28. Nxc1 Qxb4+ 29. Kf2 Rxf4+) (27. Qg3 $5 Rxc1+ $1 28. Nxc1
Rf7 $1 (28... Qc7 29. Ne2 Nc6 30. Ng4 $1) 29. h6 Qxd4 30. Ne2 Qa1 31. Rxg7+
Rxg7 32. Qxg7+ Qxg7 33. hxg7 Kxg7 34. axb4 $14) 27... Rxc1+ 28. Qxc1 Nc6 29.
Ng4 Kh8 $6 (29... Kf7 $1 30. Nxf6 $140 (30. Bd3 $5) 30... gxf6 31. Rg3 f5 $1
$13) 30. Nxf6 gxf6 31. Rg3 Nxd4 $2 (31... f5 32. Kf2 $1 Nh7 33. Qg1 Nf6 34. h6
$1 {P g8!} Ng4+ 35. Rxg4 fxg4 36. Qxg4 Qc7 37. Qxe6 Qf7 38. Qd6 $18) 32. Nxd4
Qxd4 33. Qc7 f5 34. Qe7 Qb2 35. Qxf8+ Kh7 36. Qg8+ Kh6 37. Rg6+ 1-0

[Event "Haninge m"]
[Site "Haninge"]
[Date "1993.??.??"]
[Round "4"]
[White "Hellers, Ferdinand"]
[Black "Andersson, Ulf"]
[Result "1/2-1/2"]
[WhiteElo "2565"]
[BlackElo "2625"]
[Annotator "Wedberg,T"]
[PlyCount "57"]
[EventDate "1993.??.??"]
[EventType "match"]
[EventRounds "4"]
[EventCountry "SWE"]
[SourceTitle "CBM 036"]
[Source "ChessBase"]
[SourceDate "1993.10.01"]
[SourceVersion "1"]
[SourceVersionDate "1993.10.01"]
[SourceQuality "1"]

1. e4 e6 2. d4 d5 3. Nc3 Nf6 4. e5 Nfd7 5. Nce2 c5 6. c3 Nc6 7. f4 cxd4 8. cxd4
f6 9. Nf3 Qb6 10. a3 Be7 11. Nc3 (11. Ng3 O-O 12. Bd3 fxe5 13. dxe5 Nc5 14. Bc2
a5 15. Be3 $5 {Bologan-Danielan/Yurmala/1991/} Qxb2 16. O-O Qc3 17. Bf2 Qc4 18.
Kh1 g6 19. Nd2 Qa6 20. Bxc5 Bxc5 21. Bxg6 $1 hxg6 22. Qc2 Kg7 23. Qxc5 $18)
11... O-O 12. Bd3 fxe5 13. Na4 $2 (13. fxe5 Rxf3) (13. dxe5 Nc5 14. Bc2 Rd8 15.
Nd4 Ne4 16. Be3 Qxb2 $140 17. Na4) 13... Qc7 14. dxe5 b5 $3 15. Bxb5 Ba6 $1 16.
Bxa6 Qa5+ 17. Nc3 Qxa6 18. Qe2 Qb6 19. Qb5 g5 $3 20. Qxb6 axb6 21. g3 (21. Nxg5
Bxg5 22. fxg5 Ndxe5 23. Rf1 Nd3+ 24. Ke2 Rxf1 25. Kxf1 Nd4 $17) 21... Nc5 22.
O-O g4 $1 23. Ne1 Nb3 $1 24. Rb1 Bc5+ 25. Kg2 Ncd4 26. Nd3 Nf5 $1 27. Rd1 Rfc8
28. Bd2 h5 $2 (28... Be3 $1 29. Be1 Bd4 (29... d4 30. Ne4) 30. Bf2 (30. Bd2
Bxc3) 30... Bxc3 31. bxc3 Rxc3 32. Nc1 (32. Bxb6 d4 $1) 32... Nc5 33. Rxb6 Rc2
34. Kg1 Ne4 35. Nd3 Rxa3 $19) 29. Nc1 $1 (29. Nc1 $1 Nxd2 30. Rxd2 Bxa3 31.
Nxd5 exd5 32. bxa3 Rxa3 33. Ne2 d4 34. Nxd4 Nxd4 35. Rxd4 Ra2+ 36. Kg1 Rcc2 $10
) 1/2-1/2

[Event "Haninge m"]
[Site "Haninge"]
[Date "1993.??.??"]
[Round "2"]
[White "Hellers, Ferdinand"]
[Black "Andersson, Ulf"]
[Result "1/2-1/2"]
[WhiteElo "2565"]
[BlackElo "2625"]
[Annotator "Wedberg,T"]
[PlyCount "77"]
[EventDate "1993.??.??"]
[EventType "match"]
[EventRounds "4"]
[EventCountry "SWE"]
[SourceTitle "CBM 036"]
[Source "ChessBase"]
[SourceDate "1993.10.01"]
[SourceVersion "1"]
[SourceVersionDate "1993.10.01"]
[SourceQuality "1"]

1. e4 e6 2. d4 d5 3. Nc3 Nf6 4. e5 Nfd7 5. Nce2 c5 6. c3 Nc6 7. f4 cxd4 (7...
b5 8. a3 cxd4 (8... a5 9. Nf3 b4 10. axb4 cxb4 11. f5 exf5 12. Nf4 Nb6 13. Bb5
Bb7 14. e6 Bd6 15. exf7+ Kxf7 16. O-O $16 {Shirov,A-Nikolenko/URS/1991/}) 9.
Nxd4 (9. cxd4 $5) 9... Nxd4 10. Qxd4 Bc5 11. Qd3 O-O 12. Nf3 f6 13. Nd4 Nxe5
14. fxe5 fxe5 15. Nc2 Bf2+ 16. Kd1 e4 17. Qe2 e5 18. Be3 Qh4 19. g3 Bxg3 20.
hxg3 Qxh1 $17 {Shirov,A-Bareev,E/Hastings/1991/}) 8. cxd4 f6 9. Nf3 Qb6 10. a3
Be7 11. b4 O-O (11... a5 12. b5 $5 Qxb5 13. Nc3 Qb6 14. Rb1 Qd8 15. Bd3 $13)
12. Rb1 a6 $5 (12... a5 13. b5 a4 14. Nc3 Ncxe5 15. fxe5 fxe5 16. Bd3 e4 17.
Nxe4 dxe4 18. Bxe4 e5 19. O-O Nf6 20. Bg5 $13 {Shirov,A-Gurevich,M/Muenchen/
1993/}) (12... fxe5 13. dxe5 (13. fxe5 Rxf3 $1 14. gxf3 Bh4+ $17) 13... g5 $1
14. g3 Ndxe5 $1 15. Nxe5 Nxe5 16. fxe5 Qf2+ 17. Kd2 Bd7 $40) 13. Qd3 (13. Ng3
fxe5 14. dxe5 Ndxe5 15. fxe5 Nxe5 $36) 13... Qd8 $1 14. g3 Nb6 15. Bg2 Bd7 $6 (
15... Nc4 {/\ b5,a5}) 16. O-O Rc8 17. g4 Nc4 $6 (17... Na7 $132) 18. Ng3 Qb6 $6
19. Kh1 g6 $2 20. h4 f5 21. Bh3 Kh8 22. h5 $1 fxg4 23. Bxg4 gxh5 24. Bxh5 Rg8
25. Rg1 Rcf8 26. Ra1 $1 Be8 27. Bxe8 Rxe8 28. Ra2 Rg7 29. Rh2 Reg8 30. Rgg2 $1
Bd8 31. Rh6 Qc7 32. Rgh2 Rf7 33. Nh5 $2 (33. R2h3 {/\ f5+-}) 33... Ne7 $3 34.
Nf6 Nf5 35. Rxh7+ (35. Nxg8 Kxg8) 35... Rxh7 36. Rxh7+ Qxh7+ 37. Nxh7 Kxh7 38.
Kh2 Be7 39. Nd2 $2 (39. Nd2 $2 Nce3 40. Qe2 Rg2+ (40... Rg3 $40) 41. Qxg2 Nxg2
42. Kxg2 Nxd4 $15) 1/2-1/2

[Event "NED-ch59"]
[Site "Leeuwarden"]
[Date "2004.07.01"]
[Round "2"]
[White "Van der Wiel, John"]
[Black "Visser, Yge"]
[Result "1-0"]
[WhiteElo "2526"]
[BlackElo "2445"]
[Annotator "Wells,P"]
[PlyCount "73"]
[EventDate "2004.06.30"]
[EventType "tourn"]
[EventRounds "9"]
[EventCountry "NED"]
[EventCategory "12"]
[SourceTitle "CBM 102"]
[Source "ChessBase"]
[SourceDate "2004.09.23"]
[SourceVersion "1"]
[SourceVersionDate "2004.09.23"]
[SourceQuality "1"]

1. e4 e6 2. d4 d5 3. Nd2 Nf6 4. e5 Nfd7 5. c3 c5 6. f4 Nc6 7. Ndf3 Qb6 8. a3 $5
{[%csl Rb3,Gb4][%cal Yb2b4] This has become quite fashionable in recent times
with Luke McShane employing it in a series of impressive attacking games. It
makes a good deal of sense, not just cutting out ...Bb4+, but also introducing
the aspiration to play the spacegaining b4 himself. Compared with the 6 a3
line in the Advanced, White's pawn chain is less vulnerable at the head - f6
needs to be combined with further undermining measures (sometimes ...g5 which
carries its own risks) in order to be really effective. However, the potential
weakness of b3 remains the key issue, and Black's direct attempt to exploit it
that we witness here is one of his main antidotes.} cxd4 ({I have some
instinctive sympathy for the less commital and space-contesting} 8... a5 $5 {
but I have to concede that White builds a fierce and direct attack in numerous
examples.} 9. b3 (9. Ne2 a4 $5) (9. g3 $5 Be7 (9... a4 $5 10. Ne2 Be7 11. Bh3
cxd4 12. cxd4 Qb3 $1 {looks more likely to generate some real counter-play.}
13. Qxb3 axb3 14. Bd2 Nb6 15. Bc3 Na4 16. Rc1 b5 17. Kf2 O-O 18. Nd2 b4 19.
axb4 Nxb4 20. Bxb4 Bxb4 21. Nxb3 Nxb2 $132 {1/2-1/2 Grischuk,A-Delchev,A/
Linares 1999/CBM 68 ext (36)}) 10. Bh3 cxd4 11. cxd4 O-O 12. Ne2 f5 13. g4 Qd8
14. Ng3 Nb6 15. gxf5 exf5 16. Qc2 g6 17. Bf1 {[%cal Gf1c4,Gc2g2]} Be6 18. Qg2
a4 19. h4 $1 Nc4 20. h5 Qa5+ 21. Kf2 Qb6 22. Bxc4 dxc4 23. hxg6 hxg6 24. Be3 $1
Qxb2+ 25. Ne2 Kf7 26. Rab1 Qxa3 27. Rh7+ Ke8 28. Qxg6+ Bf7 29. Rxf7 Rxf7 30. e6
$18 {1-0 McShane,L-Brynell,S/Bundesliga 2000/ (41). McSh}) 9... cxd4 10. cxd4
Be7 11. h4 $5 f5 12. h5 h6 13. Ne2 O-O 14. Rg1 Qd8 15. Nc3 Nb6 16. Ra2 $1 Bd7
17. g4 fxg4 18. Rxg4 Rf7 19. Bd3 Bf8 20. Bg6 Be8 21. Rag2 $1 {1-0 Adams,
M-Saiboulatov,D/Senat 2003/CBM 94 ext (51) was also a powerful and instructive
concentration of force.}) 9. cxd4 Na5 ({As another illustration of White's
ideal strategy (albeit not of Black's stiffest defence) we could do worse than
look at} 9... f6 10. b4 Be7 11. Bd3 $1 O-O 12. Ne2 Kh8 13. h4 fxe5 14. dxe5 a5
15. b5 Nd8 16. Bb1 Nc5 17. Be3 Qxb5 18. Bxc5 Qxc5 19. Qd3 g6 20. h5 Qc4 21.
hxg6 Qxd3 22. Rxh7+ Kg8 23. Bxd3 Re8 24. Ng3 {1-0 McShane,L-Schmitz,M/Catalan
Bay ENG 2003/The Week in Chess 430 (24)}) 10. Ne2 ({I'm not sure whether} 10.
b4 Nc4 11. Bxc4 dxc4 12. Ne2 {has been refuted or is simply not quite trusted.}
Qc6 13. d5 $1 Qxd5 (13... exd5 14. Nc3 Nb6 15. Nd4 Qg6 16. O-O $44 {( Delchev
- but maybe this is not so clear)}) 14. Qxd5 exd5 15. Nc3 Be7 (15... Nb6 16.
Nb5 Kd7 $5) 16. Nxd5 Bd8 17. Ne3 $14 {1-0 Delchev,A-Kunosic,S/Bihac 1999/EXT
2000 (65)}) 10... Qb3 11. Qd2 (11. Nc3 Qxd1+ 12. Kxd1 a6 13. Kc2 ({more
prudent than} 13. b4 Nb3 14. Rb1 Nxc1 15. Rxc1 Nb6 16. Nd2 Be7 17. Nb3 Nc4 18.
Bxc4 dxc4 19. Na5 b5 $132 {Cioara,A - Berkes,F/ Donau (op) 2001.}) 13... b5 14.
b3 {shouldn't suffice for an advantage after} Nb8 $1 {[%cal Gb8c6,Gb5b4]
according to Psakhis.}) 11... b6 (11... Nc4 12. Qc3 Qxc3+ 13. Nxc3 $14) 12. Nc3
Nc4 13. Qd1 $5 {[%mdl 8] An interesting idea - hitherto White has either
aquieced in the exchange of queens, or allowed his queen to be kicked around
in his determination to avoid this simplification. Van der Wiel opts for an
interesting third way - trying to prove that the chasing process has resulted
in an exchange under improved circumstances.} (13. Qf2 {keeps queens, but
Black's queenside forces have made a lot of headway in generating some play.}
Ba6 14. h4 Rc8 15. Rh3 Nb8 16. Ng5 Nxa3 17. Bxa6 Nxa6 18. Kf1 h6 19. Nf3 Nb8
20. Kg1 a6 21. f5 Qc2 $132 {Grischuk,A-Volkov,S/Russia Cup Final, 2000.}) 13...
Qxd1+ 14. Kxd1 {[%cal Yc3b5,Yf4f5]} a6 15. f5 Be7 16. Bd3 b5 17. fxe6 fxe6 18.
Ne2 $14 {[%cal Ge2f4] The achievement of f5xe6 by no means ends the game, but
it is easy for White to find a plan, and my feeling is that Van der Wiel's
refinement advances theory and the White cause.} O-O 19. b3 Na5 20. Kc2 Nb8 21.
Ng5 $5 (21. Bg5 $5) 21... h6 22. Nf3 {[%csl Rg6][%cal Ge2f4,Gf4g6]} Nbc6 23. h4
Bd7 24. Rh3 Bd8 (24... Rfc8 25. Kb2 Rab8 26. Rg3 Nc4+ 27. Ka2 {achieves
nothing.}) (24... b4 25. a4 {similarly. When I first saw this ohase of the
game I felt Black ought somehow to be able to organise counter-chances with a
well timed ...b4 and perhaps some piece sac, but in fact this seems impossible
to organise.}) 25. Rg3 Kh8 26. Nf4 Ne7 27. Be3 Nac6 28. Nh5 Rf7 29. Ng5 $1 {
[%mdl 516] A fitting sacrificial end to White's consistent strategy. Having
said that, Black surely hastens the end by acceptance of the offer.} hxg5 (
29... Rf8 $5 30. Nh3 $40) 30. hxg5 Nf5 (30... Kg8 31. Nf6+ $1 gxf6 32. gxf6+
Kf8 33. Rh1 $18) 31. Bxf5 Nxd4+ ({or} 31... exf5 {when} 32. Rh1 Kg8 33. Nf6+ $1
Bxf6 34. Rgh3 {is decisive.}) 32. Bxd4 Rxf5 33. Nf6 $1 Rc8+ 34. Kd3 Bxf6 35.
Rh1+ Kg8 36. gxf6 g5 37. Rgh3 $1 1-0